00333nam a2200133Ia 450000500170000000800410001702000150005808200130007310000170008624500310010326000330013430000130016750000190018020250411023753.0240331s9999 xx 000 0 und d a9552085632 bSUDa891 aSuddhahami,A 0aKuweniya nam wuu yak landa aColombobGodage & Sonsc2006 a148 p ., aStory of Guwni